Key Issues in English for Specific Purposes in Higher Education /

Gespeichert in:
Bibliographische Detailangaben
Weitere Verfasser: Kirkgöz, Yasemin (Herausgegeben von), Dikilitaş, Kenan (Herausgegeben von)
Format: Buch
Sprache:Englisch
Veröffentlicht: Cham Springer 2018
Schlagworte:
Tags: Tag hinzufügen
Keine Tags, Fügen Sie das erste Tag hinzu!

MARC

LEADER 00000nam a22000003a 4500
001 0031997
003 SK-STU
005 20180327104306.2
007 ta
008 180327s ----xo-----e------000-0-----d
020 |a 978-3-319-70213-1 
022 |a 2213-6967 
040 |a STU  |b slo 
041 0 |a eng 
044 |a sz 
100 1 |a Kirkgöz, Yasemin  |4 edt 
245 1 0 |a Key Issues in English for Specific Purposes in Higher Education /  |c ed. Yasemin Kirkgöz ; ed. Kenan Dikilitaş 
260 |a Cham  |b Springer  |c 2018 
300 |a 353 s. 
650 0 7 |a vysokoškolské vzdelávanie 
700 1 |a Dikilitaş, Kenan  |4 edt 
996 |b 284M087653  |c M* 14125-1  |l MMKN  |s A  |a 24  |w 0031997_0001